I’d Rather Die Than Be Famous - Pierce the Veil lyrics - Statistics

General Stats
  • This quiz has been taken 80 times
  • The average score is 240 of 309
Answer Stats
% Correct
I
100%
is
98%
the
98%
The
98%
This
98%
this
98%
burn!
95%
gonna
95%
in
95%
me
95%
place
95%
whole
95%
You
95%
you
95%
your
95%
Your
95%
Call
93%
Come
93%
come
93%
police!
93%
an
90%
and
90%
And
90%
be
90%
to
90%
When
90%
when
90%
for
88%
gun
88%
gun?
88%
it
88%
take
88%
don’t
85%
Don’t
85%
from
85%
money
85%
on
85%
of
83%
love
83%
Love
83%
no
83%
of
83%
put
83%
sex
83%
famous
80%
so
80%
they
80%
home
78%
more
78%
trying
78%
us
78%
Am
75%
done
75%
down
75%
eyes
75%
pretty
75%
They’re
75%
veins
75%
wanna
75%
my
73%
My
73%
trigger
73%
You’re
70%
give
68%
own
68%
But
65%
Holly,
65%
I’ll
65%
en
63%
I’ve
63%
much
63%
some
63%
thinking
63%
We
63%
we
63%
can’t
60%
end
60%
them
60%
want
60%
choice
55%
back
53%
off
53%
talk
53%
that
53%
That
53%
jump
50%
talking
50%
teenage
50%
wouldn’t
50%
balcony
48%
pretend
48%
dizzy
45%
happen
45%
have
45%
Keeps
45%
accidents
43%
forget
43%
Forget
43%
lay
43%
up
43%
Yeah,
43%
Yeah!
43%
dress
40%
grave
40%
heart-attack
40%
legs
40%
Until
40%
as
38%
beginning
38%
Narcotic
38%
Doll
35%
falling
35%
her
35%
marks
35%
sleepwalk
35%
sweet
35%
teeth
35%
dangling
33%
I’m
33%
alone!
30%
girl
30%
Leave
30%
awake
28%
still
28%
we’re
28%
world!
28%
ooh
25%
coming
23%
glass
23%
lips
23%
removing
20%
sun
20%
Without
20%
Although
15%
No matching quizzes found
Score Distribution
Percent of People with Each Score
Percentile by Number Answered
Your Score History
You have not taken this quiz